[Event "April 9 Late 2024"]
[Site "Chess.com"]
[Date "2024.04.09"]
[Round "10"]
[White "Salinas Herrera, Pablo"]
[Black "Zhizmer, Yuri"]
[Result "1-0"]
[Board "33"]
[WhiteFideId "3407128"]
[BlackFideId "14108852"]
[WhiteTitle "GM"]
[BlackTitle "IM"]
[WhiteElo "2881"]
[BlackElo "2642"]
[WhiteTeam "CHI"]
[BlackTeam "ISR"]
[WhiteClock "0:00:16"]
[BlackClock "0:00:00"]
[Variant "Standard"]

1. d4 {[%clk 0:03:00]}  d5 {[%clk 0:02:48]} 2. Bf4 {[%clk 0:03:00]}  Nf6 {[%clk 0:02:47]} 3. e3 {[%clk 0:03:00]}  e6 {[%clk 0:02:47]} 4. Nf3 {[%clk 0:03:00]}  Bd6 {[%clk 0:02:48]} 5. Nbd2 {[%clk 0:03:01]}  Nc6 {[%clk 0:02:48]} 6. c3 {[%clk 0:03:00]}  Qe7 {[%clk 0:02:47]} 7. Bb5 {[%clk 0:02:59]}  Bd7 {[%clk 0:02:45]} 8. O-O {[%clk 0:02:59]}  O-O {[%clk 0:02:41]} 9. Re1 {[%clk 0:02:52]}  Qe8 {[%clk 0:02:33]} 10. Bxc6 {[%clk 0:02:46]}  Bxc6 {[%clk 0:02:29]} 11. Ne5 {[%clk 0:02:46]}  Nd7 {[%clk 0:02:29]} 12. Nxc6 {[%clk 0:02:41]}  bxc6 {[%clk 0:02:30]} 13. Nf3 {[%clk 0:02:24]}  c5 {[%clk 0:02:20]} 14. Rc1 {[%clk 0:02:09]}  Bxf4 {[%clk 0:02:16]} 15. exf4 {[%clk 0:02:10]}  Qb8 {[%clk 0:02:16]} 16. Rc2 {[%clk 0:02:02]}  c4 {[%clk 0:02:13]} 17. Rce2 {[%clk 0:01:54]}  c5 {[%clk 0:02:12]} 18. f5 {[%clk 0:01:50]}  exf5 {[%clk 0:01:51]} 19. dxc5 {[%clk 0:01:50]}  Nf6 {[%clk 0:01:44]} 20. Nd4 {[%clk 0:01:45]}  g6 {[%clk 0:01:31]} 21. f3 {[%clk 0:01:43]}  Qc7 {[%clk 0:01:27]} 22. c6 {[%clk 0:01:42]}  Rfe8 {[%clk 0:01:25]} 23. b3 {[%clk 0:01:18]}  Rxe2 {[%clk 0:01:20]} 24. Rxe2 {[%clk 0:01:18]}  Re8 {[%clk 0:01:11]} 25. Rxe8+ {[%clk 0:01:18]}  Nxe8 {[%clk 0:01:12]} 26. bxc4 {[%clk 0:01:19]}  dxc4 {[%clk 0:01:12]} 27. Qe2 {[%clk 0:01:19]}  Nd6 {[%clk 0:01:09]} 28. Qe5 {[%clk 0:01:19]}  a6 {[%clk 0:00:50]} 29. a4 {[%clk 0:01:17]}  h5 {[%clk 0:00:44]} 30. h4 {[%clk 0:01:16]}  Kh7 {[%clk 0:00:43]} 31. Qd5 {[%clk 0:00:51]}  Qe7 {[%clk 0:00:38]} 32. Kf1 {[%clk 0:00:43]}  Kg8 {[%clk 0:00:20]} 33. Qc5 {[%clk 0:00:36]}  Nc8 {[%clk 0:00:16]} 34. Qxc4 {[%clk 0:00:31]}  Qxh4 {[%clk 0:00:15]} 35. Qxa6 {[%clk 0:00:30]}  Qh1+ {[%clk 0:00:12]} 36. Kf2 {[%clk 0:00:31]}  Qh4+ {[%clk 0:00:11]} 37. Ke2 {[%clk 0:00:31]}  Qe7+ {[%clk 0:00:11]} 38. Kd1 {[%clk 0:00:29]}  Nd6 {[%clk 0:00:10]} 39. a5 {[%clk 0:00:21]}  Kh7 {[%clk 0:00:08]} 40. Qe2 {[%clk 0:00:19]}  Qc7 {[%clk 0:00:07]} 41. Qe5 {[%clk 0:00:17]}  Qb8 {[%clk 0:00:04]} 42. Kc2 {[%clk 0:00:16]}  Qc7 {[%clk 0:00:00]} 43. a6 {[%clk 0:00:16]} 1-0

[Event "April 9 Late 2024"]
[Site "Chess.com"]
[Date "2024.04.09"]
[Round "10"]
[White "Fiorito, Joaquin"]
[Black "Golubev, Mikhail"]
[Result "1-0"]
[Board "36"]
[WhiteFideId "180173"]
[BlackFideId "14100983"]
[WhiteTitle "IM"]
[BlackTitle "GM"]
[WhiteElo "2726"]
[BlackElo "2606"]
[WhiteTeam "ARG"]
[BlackTeam "UKR"]
[WhiteClock "0:01:32"]
[BlackClock "0:00:00"]
[Variant "Standard"]

1. d4 {[%clk 0:03:00]}  Nf6 {[%clk 0:02:59]} 2. c4 {[%clk 0:03:01]}  d6 {[%clk 0:02:58]} 3. Nc3 {[%clk 0:03:01]}  g6 {[%clk 0:02:59]} 4. e4 {[%clk 0:03:01]}  Bg7 {[%clk 0:02:59]} 5. h3 {[%clk 0:03:01]}  Nbd7 {[%clk 0:02:56]} 6. Be3 {[%clk 0:03:00]}  e5 {[%clk 0:02:56]} 7. d5 {[%clk 0:03:00]}  Nc5 {[%clk 0:02:49]} 8. Qc2 {[%clk 0:03:01]}  h5 {[%clk 0:02:49]} 9. Nf3 {[%clk 0:03:00]}  Qe7 {[%clk 0:02:01]} 10. Be2 {[%clk 0:02:59]}  a5 {[%clk 0:01:57]} 11. O-O {[%clk 0:02:55]}  Bh6 {[%clk 0:01:54]} 12. Bxh6 {[%clk 0:02:49]}  Rxh6 {[%clk 0:01:55]} 13. b3 {[%clk 0:02:48]}  h4 {[%clk 0:01:31]} 14. a3 {[%clk 0:02:47]}  a4 {[%clk 0:01:31]} 15. b4 {[%clk 0:02:45]}  Nb3 {[%clk 0:01:31]} 16. Rad1 {[%clk 0:02:44]}  Bd7 {[%clk 0:01:20]} 17. Nh2 {[%clk 0:02:36]}  Nd4 {[%clk 0:01:16]} 18. Qd3 {[%clk 0:02:35]}  g5 {[%clk 0:01:00]} 19. Bg4 {[%clk 0:02:25]}  Nxg4 {[%clk 0:00:54]} 20. hxg4 {[%clk 0:02:26]}  Kf8 {[%clk 0:00:49]} 21. Ne2 {[%clk 0:02:23]}  Nxe2+ {[%clk 0:00:46]} 22. Qxe2 {[%clk 0:02:24]}  Kg7 {[%clk 0:00:46]} 23. Qe3 {[%clk 0:02:23]}  c6 {[%clk 0:00:38]} 24. dxc6 {[%clk 0:02:22]}  bxc6 {[%clk 0:00:33]} 25. Rd2 {[%clk 0:02:23]}  Be6 {[%clk 0:00:28]} 26. Qc3 {[%clk 0:02:18]}  f6 {[%clk 0:00:24]} 27. Rfd1 {[%clk 0:02:19]}  Rd8 {[%clk 0:00:19]} 28. b5 {[%clk 0:02:16]}  cxb5 {[%clk 0:00:18]} 29. cxb5 {[%clk 0:02:17]}  Rhh8 {[%clk 0:00:16]} 30. Qb4 {[%clk 0:02:17]}  Bf7 {[%clk 0:00:09]} 31. b6 {[%clk 0:02:16]}  Qb7 {[%clk 0:00:06]} 32. Rxd6 {[%clk 0:02:15]}  Rxd6 {[%clk 0:00:06]} 33. Rxd6 {[%clk 0:02:16]}  Rc8 {[%clk 0:00:06]} 34. Nf3 {[%clk 0:02:15]}  Rc1+ {[%clk 0:00:05]} 35. Kh2 {[%clk 0:02:15]}  Qa6 {[%clk 0:00:05]} 36. Rd8 {[%clk 0:01:30]}  Qf1 {[%clk 0:00:04]} 37. Qf8+ {[%clk 0:01:31]}  Kg6 {[%clk 0:00:04]} 38. Nxe5+ {[%clk 0:01:31]}  fxe5 {[%clk 0:00:00]} 39. Rd6+ {[%clk 0:01:32]} 1-0

[Event "April 9 Late 2024"]
[Site "Chess.com"]
[Date "2024.04.09"]
[Round "10"]
[White "Rustemov, Alexander"]
[Black "Ruperez Benito, Antonio"]
[Result "1-0"]
[Board "40"]
[WhiteFideId "4119002"]
[BlackFideId "22245049"]
[WhiteTitle "GM"]
[BlackTitle "FM"]
[WhiteElo "2816"]
[BlackElo "2583"]
[WhiteTeam "RUS"]
[BlackTeam "ESP"]
[WhiteClock "0:00:16"]
[BlackClock "0:00:01"]
[Variant "Standard"]

1. e4 {[%clk 0:02:56]}  e6 {[%clk 0:03:00]} 2. d3 {[%clk 0:02:55]}  d5 {[%clk 0:03:00]} 3. Qe2 {[%clk 0:02:55]}  Nc6 {[%clk 0:03:01]} 4. Nf3 {[%clk 0:02:52]}  e5 {[%clk 0:03:00]} 5. exd5 {[%clk 0:02:51]}  Qxd5 {[%clk 0:03:01]} 6. Nc3 {[%clk 0:02:51]}  Bb4 {[%clk 0:03:02]} 7. Bd2 {[%clk 0:02:51]}  Bxc3 {[%clk 0:03:00]} 8. Bxc3 {[%clk 0:02:51]}  Bg4 {[%clk 0:03:01]} 9. Qe4 {[%clk 0:02:48]}  Bxf3 {[%clk 0:03:00]} 10. gxf3 {[%clk 0:02:45]}  Nf6 {[%clk 0:02:59]} 11. Qxd5 {[%clk 0:02:41]}  Nxd5 {[%clk 0:03:00]} 12. Bd2 {[%clk 0:02:39]}  Nd4 {[%clk 0:02:59]} 13. O-O-O {[%clk 0:02:39]}  O-O-O {[%clk 0:02:49]} 14. Bg2 {[%clk 0:02:32]}  Nf4 {[%clk 0:02:46]} 15. Bxf4 {[%clk 0:02:15]}  Ne2+ {[%clk 0:02:45]} 16. Kd2 {[%clk 0:02:14]}  Nxf4 {[%clk 0:02:46]} 17. Rhg1 {[%clk 0:02:09]}  Rd6 {[%clk 0:02:42]} 18. Rde1 {[%clk 0:02:08]}  f6 {[%clk 0:02:37]} 19. Bf1 {[%clk 0:02:07]}  g5 {[%clk 0:02:36]} 20. h4 {[%clk 0:02:04]}  h6 {[%clk 0:02:30]} 21. Rh1 {[%clk 0:02:04]}  Rdd8 {[%clk 0:02:24]} 22. c3 {[%clk 0:01:58]}  c5 {[%clk 0:02:18]} 23. Kc2 {[%clk 0:01:58]}  Ng6 {[%clk 0:02:15]} 24. Bh3+ {[%clk 0:01:53]}  Kc7 {[%clk 0:02:14]} 25. hxg5 {[%clk 0:01:53]}  hxg5 {[%clk 0:02:15]} 26. Bf5 {[%clk 0:01:53]}  Nh4 {[%clk 0:02:09]} 27. Bg4 {[%clk 0:01:24]}  f5 {[%clk 0:02:05]} 28. Bh3 {[%clk 0:01:24]}  Nxf3 {[%clk 0:02:04]} 29. Re3 {[%clk 0:01:21]}  g4 {[%clk 0:01:58]} 30. Bg2 {[%clk 0:01:21]}  Rxh1 {[%clk 0:01:56]} 31. Bxh1 {[%clk 0:01:22]}  f4 {[%clk 0:01:53]} 32. Re4 {[%clk 0:01:14]}  Kd6 {[%clk 0:00:30]} 33. Bxf3 {[%clk 0:01:13]}  gxf3 {[%clk 0:00:31]} 34. d4 {[%clk 0:01:13]}  cxd4 {[%clk 0:00:32]} 35. cxd4 {[%clk 0:01:14]}  Kd5 {[%clk 0:00:32]} 36. Rxe5+ {[%clk 0:01:12]}  Kxd4 {[%clk 0:00:33]} 37. Re7 {[%clk 0:01:04]}  b6 {[%clk 0:00:33]} 38. Rxa7 {[%clk 0:01:01]}  Re8 {[%clk 0:00:33]} 39. Rd7+ {[%clk 0:01:01]}  Kc4 {[%clk 0:00:23]} 40. b3+ {[%clk 0:01:01]}  Kc5 {[%clk 0:00:22]} 41. Kc3 {[%clk 0:00:57]}  Re2 {[%clk 0:00:20]} 42. Rd2 {[%clk 0:00:55]}  b5 {[%clk 0:00:19]} 43. a3 {[%clk 0:00:55]}  Kc6 {[%clk 0:00:18]} 44. Kd3 {[%clk 0:00:54]}  Re8 {[%clk 0:00:15]} 45. Kd4 {[%clk 0:00:51]}  Rd8+ {[%clk 0:00:14]} 46. Kc3 {[%clk 0:00:51]}  Re8 {[%clk 0:00:15]} 47. Rd3 {[%clk 0:00:51]}  Ra8 {[%clk 0:00:12]} 48. Kb4 {[%clk 0:00:48]}  Rf8 {[%clk 0:00:12]} 49. Rxf3 {[%clk 0:00:47]}  Kd5 {[%clk 0:00:13]} 50. Rc3 {[%clk 0:00:39]}  Re8 {[%clk 0:00:12]} 51. Kxb5 {[%clk 0:00:32]}  Re2 {[%clk 0:00:12]} 52. f3 {[%clk 0:00:29]}  Re3 {[%clk 0:00:12]} 53. Kb4 {[%clk 0:00:28]}  Kd4 {[%clk 0:00:12]} 54. Rc4+ {[%clk 0:00:27]}  Ke5 {[%clk 0:00:12]} 55. a4 {[%clk 0:00:25]}  Rxf3 {[%clk 0:00:12]} 56. a5 {[%clk 0:00:24]}  Rf1 {[%clk 0:00:11]} 57. Rc8 {[%clk 0:00:22]}  Ra1 {[%clk 0:00:10]} 58. Rf8 {[%clk 0:00:21]}  Ke4 {[%clk 0:00:10]} 59. Kb5 {[%clk 0:00:21]}  Ke3 {[%clk 0:00:08]} 60. b4 {[%clk 0:00:21]}  f3 {[%clk 0:00:09]} 61. Ka6 {[%clk 0:00:19]}  f2 {[%clk 0:00:09]} 62. b5 {[%clk 0:00:19]}  f1=Q {[%clk 0:00:10]} 63. Rxf1 {[%clk 0:00:19]}  Rxf1 {[%clk 0:00:11]} 64. b6 {[%clk 0:00:20]}  Kd4 {[%clk 0:00:12]} 65. b7 {[%clk 0:00:19]}  Rf8 {[%clk 0:00:09]} 66. Kb6 {[%clk 0:00:18]}  Rf6+ {[%clk 0:00:08]} 67. Kb5 {[%clk 0:00:17]}  Rf5+ {[%clk 0:00:07]} 68. Kc6 {[%clk 0:00:16]}  Rf6+ {[%clk 0:00:06]} 69. Kc7 {[%clk 0:00:16]}  Rf7+ {[%clk 0:00:07]} 70. Kc6 {[%clk 0:00:16]}  Rf6+ {[%clk 0:00:06]} 71. Kc7 {[%clk 0:00:17]}  Rf7+ {[%clk 0:00:06]} 72. Kb6 {[%clk 0:00:18]}  Rf6+ {[%clk 0:00:07]} 73. Ka7 {[%clk 0:00:18]}  Rf7 {[%clk 0:00:07]} 74. Ka8 {[%clk 0:00:18]}  Rf5 {[%clk 0:00:05]} 75. a6 {[%clk 0:00:16]}  Rf6 {[%clk 0:00:03]} 76. a7 {[%clk 0:00:16]}  Kc5 {[%clk 0:00:01]} 77. b8=Q {[%clk 0:00:16]} 1-0

[Event "April 9 Late 2024"]
[Site "Chess.com"]
[Date "2024.04.09"]
[Round "10"]
[White "Bilan, Danila"]
[Black "Lin, Bryan Enming"]
[Result "0-1"]
[Board "43"]
[WhiteFideId "24161918"]
[BlackFideId "30987121"]
[WhiteTitle "FM"]
[WhiteElo "2572"]
[BlackElo "2686"]
[WhiteTeam "RUS"]
[BlackTeam "USA"]
[WhiteClock "0:00:03"]
[BlackClock "0:00:58"]
[Variant "Standard"]

1. d4 {[%clk 0:02:58]}  Nf6 {[%clk 0:03:00]} 2. Nf3 {[%clk 0:02:58]}  g6 {[%clk 0:03:00]} 3. Bg5 {[%clk 0:02:58]}  Bg7 {[%clk 0:02:58]} 4. c3 {[%clk 0:02:58]}  O-O {[%clk 0:02:58]} 5. Nbd2 {[%clk 0:02:58]}  d5 {[%clk 0:02:53]} 6. e3 {[%clk 0:02:58]}  Nbd7 {[%clk 0:02:49]} 7. Bd3 {[%clk 0:02:58]}  c5 {[%clk 0:02:49]} 8. O-O {[%clk 0:02:57]}  b6 {[%clk 0:02:47]} 9. Qe2 {[%clk 0:02:48]}  Bb7 {[%clk 0:02:44]} 10. Rfe1 {[%clk 0:02:41]}  Ne4 {[%clk 0:02:41]} 11. Bh4 {[%clk 0:02:39]}  Ndf6 {[%clk 0:02:40]} 12. Ne5 {[%clk 0:02:32]}  Nd6 {[%clk 0:02:29]} 13. a4 {[%clk 0:02:18]}  a6 {[%clk 0:02:26]} 14. b4 {[%clk 0:02:06]}  c4 {[%clk 0:02:23]} 15. Bc2 {[%clk 0:02:00]}  Nf5 {[%clk 0:02:23]} 16. Bxf5 {[%clk 0:01:52]}  gxf5 {[%clk 0:02:24]} 17. f4 {[%clk 0:01:45]}  Qd6 {[%clk 0:02:19]} 18. a5 {[%clk 0:01:35]}  b5 {[%clk 0:02:17]} 19. Rf1 {[%clk 0:01:30]}  Bc8 {[%clk 0:01:59]} 20. Rf3 {[%clk 0:01:14]}  Ng4 {[%clk 0:01:57]} 21. h3 {[%clk 0:01:01]}  h5 {[%clk 0:01:38]} 22. hxg4 {[%clk 0:00:53]}  hxg4 {[%clk 0:01:39]} 23. Rf2 {[%clk 0:00:44]}  f6 {[%clk 0:01:35]} 24. Ng6 {[%clk 0:00:25]}  Re8 {[%clk 0:01:33]} 25. Bg3 {[%clk 0:00:24]}  Bb7 {[%clk 0:01:23]} 26. Kf1 {[%clk 0:00:22]}  Kf7 {[%clk 0:01:22]} 27. Nh4 {[%clk 0:00:22]}  e6 {[%clk 0:01:13]} 28. Ke1 {[%clk 0:00:21]}  Rh8 {[%clk 0:01:13]} 29. Kd1 {[%clk 0:00:20]}  Rh7 {[%clk 0:01:13]} 30. Kc2 {[%clk 0:00:20]}  Rah8 {[%clk 0:01:13]} 31. Rh1 {[%clk 0:00:20]}  Bc6 {[%clk 0:01:10]} 32. Rh2 {[%clk 0:00:20]}  Bf8 {[%clk 0:01:09]} 33. Rf1 {[%clk 0:00:20]}  Qd8 {[%clk 0:01:08]} 34. Rfh1 {[%clk 0:00:21]}  Be7 {[%clk 0:01:09]} 35. Be1 {[%clk 0:00:13]}  Qf8 {[%clk 0:01:07]} 36. g3 {[%clk 0:00:08]}  Bxb4 {[%clk 0:01:02]} 37. cxb4 {[%clk 0:00:07]}  Qxb4 {[%clk 0:01:03]} 38. Nf1 {[%clk 0:00:04]}  Qa4+ {[%clk 0:01:02]} 39. Kc1 {[%clk 0:00:05]}  b4 {[%clk 0:01:02]} 40. Ng2 {[%clk 0:00:05]}  Rxh2 {[%clk 0:01:02]} 41. Rxh2 {[%clk 0:00:06]}  Rxh2 {[%clk 0:01:01]} 42. Nxh2 {[%clk 0:00:07]}  Qa1+ {[%clk 0:00:58]} 43. Kc2 {[%clk 0:00:06]}  Ba4+ {[%clk 0:00:58]} 44. Kd2 {[%clk 0:00:03]}  Qc3# {[%clk 0:00:58]} 0-1

[Event "April 9 Late 2024"]
[Site "Chess.com"]
[Date "2024.04.09"]
[Round "10"]
[White "Wu, Derek"]
[Black "Vlachos, Anatole"]
[Result "0-1"]
[Board "48"]
[WhiteFideId "30914558"]
[BlackFideId "26093189"]
[WhiteTitle "FM"]
[BlackTitle "IM"]
[WhiteElo "2637"]
[BlackElo "2542"]
[WhiteTeam "USA"]
[BlackTeam "GRE"]
[WhiteClock "0:00:59"]
[BlackClock "0:01:50"]
[Variant "Standard"]

1. d4 {[%clk 0:03:00]}  f5 {[%clk 0:02:56]} 2. Nc3 {[%clk 0:02:58]}  Nf6 {[%clk 0:02:56]} 3. Bg5 {[%clk 0:02:58]}  d5 {[%clk 0:02:57]} 4. Bxf6 {[%clk 0:02:58]}  exf6 {[%clk 0:02:58]} 5. e3 {[%clk 0:02:58]}  Be6 {[%clk 0:02:53]} 6. Bd3 {[%clk 0:02:57]}  Nc6 {[%clk 0:02:50]} 7. a3 {[%clk 0:02:56]}  Qd7 {[%clk 0:02:49]} 8. Nge2 {[%clk 0:02:55]}  h5 {[%clk 0:02:48]} 9. Nf4 {[%clk 0:02:52]}  Bf7 {[%clk 0:02:48]} 10. Qd2 {[%clk 0:02:47]}  h4 {[%clk 0:02:45]} 11. O-O-O {[%clk 0:02:32]}  Ne7 {[%clk 0:02:42]} 12. Kb1 {[%clk 0:02:27]}  O-O-O {[%clk 0:02:36]} 13. f3 {[%clk 0:02:23]}  Kb8 {[%clk 0:02:30]} 14. e4 {[%clk 0:02:08]}  dxe4 {[%clk 0:02:30]} 15. fxe4 {[%clk 0:02:09]}  Qxd4 {[%clk 0:02:18]} 16. exf5 {[%clk 0:02:05]}  Nc6 {[%clk 0:02:00]} 17. Nce2 {[%clk 0:01:36]}  Qb6 {[%clk 0:01:58]} 18. Qc3 {[%clk 0:01:31]}  Bd6 {[%clk 0:01:54]} 19. Be4 {[%clk 0:01:22]}  Be5 {[%clk 0:01:52]} 20. Bxc6 {[%clk 0:01:00]}  Bxc3 {[%clk 0:01:50]} 21. Nxc3 {[%clk 0:00:59]}  Qxc6 {[%clk 0:01:50]} 0-1

[Event "April 9 Late 2024"]
[Site "Chess.com"]
[Date "2024.04.09"]
[Round "10"]
[White "D`Arruda, Ricardo D."]
[Black "Shapiro, Viktor"]
[Result "1/2-1/2"]
[Board "50"]
[WhiteFideId "100692"]
[BlackFideId "4175700"]
[WhiteTitle "FM"]
[BlackTitle "FM"]
[WhiteElo "2533"]
[BlackElo "2629"]
[WhiteTeam "ARG"]
[BlackTeam "RUS"]
[WhiteClock "0:01:30"]
[BlackClock "0:00:23"]
[Variant "Standard"]

1. Nf3 {[%clk 0:02:55]}  Nf6 {[%clk 0:03:00]} 2. d4 {[%clk 0:02:53]}  c5 {[%clk 0:03:00]} 3. d5 {[%clk 0:02:52]}  e6 {[%clk 0:03:00]} 4. Nc3 {[%clk 0:02:52]}  exd5 {[%clk 0:03:00]} 5. Nxd5 {[%clk 0:02:53]}  Nxd5 {[%clk 0:03:01]} 6. Qxd5 {[%clk 0:02:53]}  d6 {[%clk 0:03:01]} 7. e4 {[%clk 0:02:53]}  Nc6 {[%clk 0:03:00]} 8. Bc4 {[%clk 0:02:53]}  Be6 {[%clk 0:02:58]} 9. Qd3 {[%clk 0:02:53]}  Nb4 {[%clk 0:02:58]} 10. Qb3 {[%clk 0:02:52]}  Qd7 {[%clk 0:02:32]} 11. Bf4 {[%clk 0:02:47]}  b5 {[%clk 0:02:26]} 12. Bxe6 {[%clk 0:02:46]}  Qxe6 {[%clk 0:02:26]} 13. Qxe6+ {[%clk 0:02:28]}  fxe6 {[%clk 0:02:24]} 14. O-O-O {[%clk 0:02:28]}  e5 {[%clk 0:02:19]} 15. a3 {[%clk 0:02:21]}  Nc6 {[%clk 0:02:17]} 16. Be3 {[%clk 0:02:20]}  Be7 {[%clk 0:02:15]} 17. Nd2 {[%clk 0:02:11]}  a5 {[%clk 0:02:07]} 18. c4 {[%clk 0:02:05]}  b4 {[%clk 0:02:05]} 19. a4 {[%clk 0:02:04]}  Rf8 {[%clk 0:01:49]} 20. b3 {[%clk 0:02:02]}  h6 {[%clk 0:01:43]} 21. f3 {[%clk 0:02:01]}  Kd7 {[%clk 0:01:40]} 22. Kc2 {[%clk 0:02:01]}  Kc7 {[%clk 0:01:40]} 23. h4 {[%clk 0:01:58]}  Rg8 {[%clk 0:01:24]} 24. g4 {[%clk 0:01:52]}  Raf8 {[%clk 0:01:23]} 25. Kd3 {[%clk 0:01:51]}  Rf7 {[%clk 0:01:17]} 26. Ke2 {[%clk 0:01:50]}  Rgf8 {[%clk 0:01:17]} 27. Rdf1 {[%clk 0:01:49]}  Nd4+ {[%clk 0:01:06]} 28. Bxd4 {[%clk 0:01:48]}  cxd4 {[%clk 0:01:06]} 29. Rh3 {[%clk 0:01:43]}  Rf4 {[%clk 0:01:06]} 30. Rfh1 {[%clk 0:01:35]}  g6 {[%clk 0:01:02]} 31. Kd3 {[%clk 0:01:34]}  h5 {[%clk 0:01:01]} 32. g5 {[%clk 0:01:31]}  Kd7 {[%clk 0:00:58]} 33. Ke2 {[%clk 0:01:31]}  Ke6 {[%clk 0:00:58]} 34. Kd3 {[%clk 0:01:31]}  Bd8 {[%clk 0:00:59]} 35. Ke2 {[%clk 0:01:31]}  Bb6 {[%clk 0:00:54]} 36. Kd3 {[%clk 0:01:31]}  R4f7 {[%clk 0:00:52]} 37. R1h2 {[%clk 0:01:31]}  Rf4 {[%clk 0:00:51]} 38. Rh1 {[%clk 0:01:30]}  Bc5 {[%clk 0:00:49]} 39. R1h2 {[%clk 0:01:30]}  R8f7 {[%clk 0:00:41]} 40. Rh1 {[%clk 0:01:30]}  Rc7 {[%clk 0:00:36]} 41. R1h2 {[%clk 0:01:30]}  Rf8 {[%clk 0:00:36]} 42. Rh1 {[%clk 0:01:30]}  Rfc8 {[%clk 0:00:36]} 43. R1h2 {[%clk 0:01:30]}  Bb6 {[%clk 0:00:36]} 44. Rh1 {[%clk 0:01:28]}  Rf7 {[%clk 0:00:36]} 45. R1h2 {[%clk 0:01:28]}  Bd8 {[%clk 0:00:34]} 46. Rh1 {[%clk 0:01:27]}  Rf4 {[%clk 0:00:34]} 47. R1h2 {[%clk 0:01:27]}  Be7 {[%clk 0:00:35]} 48. Rh1 {[%clk 0:01:27]}  Rcf8 {[%clk 0:00:35]} 49. R1h2 {[%clk 0:01:27]}  Bd8 {[%clk 0:00:34]} 50. Rh1 {[%clk 0:01:27]}  Bb6 {[%clk 0:00:33]} 51. R1h2 {[%clk 0:01:27]}  Kf7 {[%clk 0:00:32]} 52. Rh1 {[%clk 0:01:27]}  Kg7 {[%clk 0:00:32]} 53. R1h2 {[%clk 0:01:27]}  Bd8 {[%clk 0:00:27]} 54. Rh1 {[%clk 0:01:27]}  R8f7 {[%clk 0:00:25]} 55. R1h2 {[%clk 0:01:27]}  Be7 {[%clk 0:00:22]} 56. Rh1 {[%clk 0:01:28]}  Bf8 {[%clk 0:00:22]} 57. R1h2 {[%clk 0:01:28]}  Be7 {[%clk 0:00:21]} 58. Rh1 {[%clk 0:01:28]}  Bd8 {[%clk 0:00:21]} 59. R1h2 {[%clk 0:01:28]}  Bb6 {[%clk 0:00:21]} 60. Rh1 {[%clk 0:01:29]}  Bc5 {[%clk 0:00:21]} 61. R1h2 {[%clk 0:01:29]}  Rf8 {[%clk 0:00:22]} 62. Rh1 {[%clk 0:01:29]}  R8f7 {[%clk 0:00:22]} 63. R1h2 {[%clk 0:01:29]}  Rf8 {[%clk 0:00:23]} 64. Rh1 {[%clk 0:01:30]}  R8f7 {[%clk 0:00:23]} 1/2-1/2

[Event "April 9 Late 2024"]
[Site "Chess.com"]
[Date "2024.04.09"]
[Round "10"]
[White "Pourkashiyan, Atousa"]
[Black "Gurevich, Dmitry"]
[Result "0-1"]
[Board "55"]
[WhiteFideId "12502014"]
[BlackFideId "2000407"]
[WhiteTitle "WGM"]
[BlackTitle "GM"]
[WhiteElo "2474"]
[BlackElo "2614"]
[WhiteTeam "USA"]
[BlackTeam "USA"]
[WhiteClock "0:00:16"]
[BlackClock "0:00:24"]
[Variant "Standard"]

1. e4 {[%clk 0:02:54]}  c5 {[%clk 0:02:59]} 2. Nf3 {[%clk 0:02:53]}  d6 {[%clk 0:03:00]} 3. d4 {[%clk 0:02:54]}  cxd4 {[%clk 0:03:00]} 4. Nxd4 {[%clk 0:02:54]}  Nf6 {[%clk 0:03:00]} 5. Bd3 {[%clk 0:02:53]}  Nc6 {[%clk 0:02:59]} 6. c3 {[%clk 0:02:49]}  g6 {[%clk 0:02:58]} 7. O-O {[%clk 0:02:49]}  Bg7 {[%clk 0:02:59]} 8. Bg5 {[%clk 0:02:49]}  h6 {[%clk 0:02:55]} 9. Bh4 {[%clk 0:02:48]}  O-O {[%clk 0:02:51]} 10. Nd2 {[%clk 0:02:47]}  Bd7 {[%clk 0:02:46]} 11. Nc4 {[%clk 0:02:42]}  Rc8 {[%clk 0:02:40]} 12. Ne3 {[%clk 0:02:41]}  Nxd4 {[%clk 0:02:10]} 13. cxd4 {[%clk 0:02:41]}  Nh5 {[%clk 0:02:09]} 14. Nd5 {[%clk 0:02:34]}  Re8 {[%clk 0:01:58]} 15. Be2 {[%clk 0:02:31]}  Nf6 {[%clk 0:01:54]} 16. Nxf6+ {[%clk 0:02:26]}  exf6 {[%clk 0:01:54]} 17. f3 {[%clk 0:02:22]}  Qb6 {[%clk 0:01:53]} 18. Qd2 {[%clk 0:02:20]}  f5 {[%clk 0:01:50]} 19. Bf2 {[%clk 0:02:07]}  fxe4 {[%clk 0:01:50]} 20. fxe4 {[%clk 0:02:08]}  Rxe4 {[%clk 0:01:48]} 21. Bf3 {[%clk 0:02:06]}  Ree8 {[%clk 0:01:41]} 22. Rad1 {[%clk 0:02:04]}  Bf5 {[%clk 0:01:32]} 23. Rc1 {[%clk 0:01:46]}  Rxc1 {[%clk 0:01:24]} 24. Rxc1 {[%clk 0:01:43]}  Be4 {[%clk 0:01:24]} 25. Re1 {[%clk 0:01:39]}  d5 {[%clk 0:01:21]} 26. Bxe4 {[%clk 0:01:37]}  dxe4 {[%clk 0:01:18]} 27. d5 {[%clk 0:01:37]}  Qxb2 {[%clk 0:01:13]} 28. Qxb2 {[%clk 0:01:37]}  Bxb2 {[%clk 0:01:12]} 29. Bxa7 {[%clk 0:01:38]}  Ra8 {[%clk 0:01:08]} 30. Bb6 {[%clk 0:01:36]}  f5 {[%clk 0:01:05]} 31. d6 {[%clk 0:01:36]}  Bf6 {[%clk 0:01:04]} 32. d7 {[%clk 0:01:35]}  Kf7 {[%clk 0:00:50]} 33. Rc1 {[%clk 0:01:35]}  Bd8 {[%clk 0:00:46]} 34. Bxd8 {[%clk 0:01:11]}  Rxd8 {[%clk 0:00:45]} 35. Rc7 {[%clk 0:01:12]}  Ke6 {[%clk 0:00:43]} 36. Rxb7 {[%clk 0:01:12]}  Rxd7 {[%clk 0:00:43]} 37. Rb6+ {[%clk 0:01:12]}  Rd6 {[%clk 0:00:44]} 38. Rb8 {[%clk 0:01:12]}  Rd1+ {[%clk 0:00:42]} 39. Kf2 {[%clk 0:01:11]}  Rd2+ {[%clk 0:00:42]} 40. Kg3 {[%clk 0:01:11]}  Rxa2 {[%clk 0:00:42]} 41. Rh8 {[%clk 0:01:10]}  g5 {[%clk 0:00:33]} 42. Rxh6+ {[%clk 0:01:08]}  Ke5 {[%clk 0:00:33]} 43. h4 {[%clk 0:00:56]}  f4+ {[%clk 0:00:32]} 44. Kh3 {[%clk 0:00:51]}  g4+ {[%clk 0:00:32]} 45. Kxg4 {[%clk 0:00:50]}  Rxg2+ {[%clk 0:00:31]} 46. Kh3 {[%clk 0:00:47]}  Rg8 {[%clk 0:00:29]} 47. Rh5+ {[%clk 0:00:39]}  Kd4 {[%clk 0:00:28]} 48. Rg5 {[%clk 0:00:29]}  Rxg5 {[%clk 0:00:27]} 49. hxg5 {[%clk 0:00:29]}  Ke5 {[%clk 0:00:26]} 50. Kg4 {[%clk 0:00:29]}  e3 {[%clk 0:00:25]} 51. g6 {[%clk 0:00:24]}  Kf6 {[%clk 0:00:25]} 52. Kf3 {[%clk 0:00:16]}  Kxg6 {[%clk 0:00:24]} 0-1